| 000 | 01417cam a2200313Ia 4500 | ||
|---|---|---|---|
| 001 | rickstevesbestof00stev | ||
| 003 | CaSfIA | ||
| 005 | 20210118215330.0 | ||
| 007 | cr|||| | ||
| 008 | 950222s1995 nmub b 001 0 eng d | ||
| 040 |
_aCXP _cCXP _dOCL _dYDXCP _dOCLCG _dCaSfIA |
||
| 020 |
_a1562611984 (pbk.) : _c$11.95 |
||
| 020 | _a9781562611989 (pbk.) | ||
| 035 | _a(OCoLC)32033911 | ||
| 043 | _ae-it--- | ||
| 092 | 0 |
_a914.504929 _bSt48r _220 |
|
| 100 | 1 |
_aSteves, Rick, _d1955- |
|
| 245 | 1 | 0 |
_aRick Steves' best of Italy [1995] : _h[electronic resource] _bmake the most of every day and every dollar. |
| 246 | 1 | 0 | _aBest of Italy, 1995 |
| 260 |
_aSanta Fe, N.M. : _bJohn Muir Publications, _cc1995. |
||
| 300 |
_a196 p. : _bmaps ; _c21 cm. |
||
| 504 | _aIncludes bibliographical references (p. 9-10) and index. | ||
| 651 | 0 |
_aItaly _vGuidebooks. |
|
| 856 | 4 | 1 |
_uhttp://www.archive.org/details/rickstevesbestof00stev _zFree eBook from the Internet Archive |
| 856 | 4 | 2 |
_uhttp://www.openlibrary.org/books/OL24218405M _zAdditional information and access via Open Library |
| 942 | _cEB | ||
| 506 | _fНеобхідна авторизація на https://archive.org/ (створення облікового запису безкоштовно) | ||
| 506 | _fНеобхідна авторизація на https://openlibrary.org/ (створення облікового запису безкоштовно) | ||
| 999 |
_c543759 _d543759 |
||